000 01463cam a2200385 a 4500
999 _c7098
_d7098
001 2488808
003 GZU
005 20210505092951.0
008 911029s1992 nhuab b 001 0 eng
010 _a 91041251
020 _a0435080644 (Heinemann cloth)
020 _a0908311818
020 _a0435080660 (Heinemann pbk.)
020 _a0852556578 (James Currey cloth)
020 _a0852556071 (James Currey pbk.)
040 _aDLC
_cDLC
_dDLC
043 _af-rh---
050 0 0 _aDT2913.S55
_bSCH 1992
100 1 _aSchmidt, Elizabeth,
_d1955-
_eauthor
245 1 0 _aPeasants, traders, and wives :
_bShona women in the history of Zimbabwe, 1870-1939 /
_cElizabeth Schmidt.
260 _aPortsmouth, NH :
_bHeinemann ;
_aHarare :
_bBaobab ;
_aLondon :
_bJ. Currey,
_c1992.
300 _axiii, 289 p. :
_bill., maps ;
_c23 cm.
440 0 _aSocial history of Africa
504 _aIncludes bibliographical references (p. 255-274) and index.
650 0 _aWomen, Shona
_xHistory
_y19th century.
650 0 _aWomen, Shona
_xHistory
_y20th century.
650 0 _aWomen, Shona
_xSocial conditions.
650 0 _aPatriarchy
_zZimbabwe
_xHistory.
650 0 _aShona (African people)
_xGovernment relations.
650 0 _aShona (African people)
_xPolitics and government.
651 0 _aZimbabwe
_xForeign relations.
651 0 _aZimbabwe
_xPolitics and government.
906 _a7
_bcbc
_corignew
_d1
_eocip
_f19
_gy-gencatlg
942 _2lcc
_cBK
_h2913.S55
_iSCH
_kDT